Online
Catalog

La realidad de los dominicanos en Puerto Rico y otros temas periodísticos / (Record no. 43012)

MARC details
000 -CABECERA
campo de control de longitud fija 02015nam a2200349 a 4500
001 - NÚMERO DE CONTROL
campo de control 000043523
005 - FECHA Y HORA DE LA ÚLTIMA TRANSACCIÓN
campo de control 20260428073714.0
008 - DATOS DE LONGITUD FIJA--INFORMACIÓN GENERAL
campo de control de longitud fija 140324d2013 dr d 000 0 spa d
020 ## - NÚMERO INTERNACIONAL ESTÁNDAR DEL LIBRO
Número Internacional Estándar del Libro 9789945412895
040 ## - FUENTE DE LA CATALOGACIÓN
Centro catalogador/agencia de origen DO-SdBNP
Lengua de catalogación spa
Centro/agencia transcriptor BNPHU
082 ## - NÚMERO DE LA CLASIFICACIÓN DECIMAL DEWEY
Número de clasificación 070.44
Número de documento/Ítem P925f, 2012
111 2# - ENTRADA PRINCIPAL--NOMBRE DE CONGRESO/REUNIÓN
Nombre de congreso/reunión o jurisdicción como elemento de entrada Premios FUNGLODE de periodismo Rafael Herrera
Fecha del congreso/reunión (2013 :
Sede del congreso/Lugar de la reunión Santo Domingo)
9 (RLIN) 71252
245 13 - MENCIÓN DE TÍTULO
Título La realidad de los dominicanos en Puerto Rico y otros temas periodísticos /
Mención de responsabilidad, etc. Senabri Silvestre, Ángel García, Doris Pantaleón , Wanda Méndez, Lery Laura Piña, Kathia Hernández.
260 ## - PUBLICACIÓN, DISTRIBUCIÓN, ETC.
Lugar de publicación, distribución, etc. Santo Domingo :
Nombre del editor, distribuidor, etc. FUNGLODE,
Fecha de publicación, distribución, etc. 2013.
300 ## - DESCRIPCIÓN FÍSICA
Extensión 90 p. ;
Dimensiones 23 cm.
490 1# - MENCIÓN DE SERIE
Mención de serie Premios Funglode/GFDD 2012
505 0# - NOTA DE CONTENIDO CON FORMATO
Información miscelánea Primer lugar
Título La realidad de los dominicanos en Puerto Rico ; y otros temas periodísticos /
Mención de responsabilidad Senabri Silvestre
Información miscelánea Segundo lugar
Título Mi barrio en letras /
Mención de responsabilidad Ángel García
Información miscelánea Tercer lugar --
Título En la mira de la justicia /
Mención de responsabilidad Doris Pantaleón y Wanda Méndez
Información miscelánea Mención especial --
Título Dominicanos viven el drama de la España de los desempleados /
Mención de responsabilidad Lery Laura Piña
Información miscelánea Mención especial --
Título ¿De qué vive la gente a orilla del Ozama? /
Mención de responsabilidad Kathia Hernández
586 ## - NOTA DE PREMIOS
Nota de premios Premios Funglode de periodismo Rafael Herrera
650 #0 - PUNTO DE ACCESO ADICIONAL DE MATERIA--TÉRMINO DE MATERIA
Término de materia o nombre geográfico como elemento de entrada Ensayos dominicanos
9 (RLIN) 65
650 #4 - PUNTO DE ACCESO ADICIONAL DE MATERIA--TÉRMINO DE MATERIA
Término de materia o nombre geográfico como elemento de entrada Periodísmo
Subdivisión geográfica República Dominicana
9 (RLIN) 36
650 #0 - PUNTO DE ACCESO ADICIONAL DE MATERIA--TÉRMINO DE MATERIA
Término de materia o nombre geográfico como elemento de entrada Literatura dominicana.
9 (RLIN) 67
650 #0 - PUNTO DE ACCESO ADICIONAL DE MATERIA--TÉRMINO DE MATERIA
Término de materia o nombre geográfico como elemento de entrada Premios literarios
9 (RLIN) 1542
650 #4 - PUNTO DE ACCESO ADICIONAL DE MATERIA--TÉRMINO DE MATERIA
Término de materia o nombre geográfico como elemento de entrada Certámenes literarios
9 (RLIN) 1541
700 12 - PUNTO DE ACCESO ADICIONAL--NOMBRE DE PERSONA
Nombre de persona Silvestre, Senabri
Título de la obra La realidad de los dominicanos en Puerto Rico
9 (RLIN) 71253
700 12 - PUNTO DE ACCESO ADICIONAL--NOMBRE DE PERSONA
Nombre de persona García, Ángel
Título de la obra Mi barrio en letras
9 (RLIN) 71254
700 12 - PUNTO DE ACCESO ADICIONAL--NOMBRE DE PERSONA
Nombre de persona Pantaleón, Doris y Méndez, Wanda
Título de la obra En la mira de la justicia /
9 (RLIN) 71255
700 12 - PUNTO DE ACCESO ADICIONAL--NOMBRE DE PERSONA
Nombre de persona Piña, Lery Laura
Título de la obra Dominicanos viven el drama de la España de los desempleados
9 (RLIN) 71256
700 12 - PUNTO DE ACCESO ADICIONAL--NOMBRE DE PERSONA
Nombre de persona Hernández, Kathia
Título de la obra ¿De qué vive la gente a orilla del Ozama? /
9 (RLIN) 71257
710 22 - PUNTO DE ACCESO ADICIONAL--NOMBRE DE ENTIDAD CORPORATIVA
Nombre de entidad corporativa o nombre de jurisdicción como elemento de entrada Fundación Global Democracía y Desarrollo
9 (RLIN) 25477
830 #0 - PUNTO DE ACCESO ADICIONAL DE SERIE-TÍTULO UNIFORME
Título uniforme Premios Funglode/GFDD 2012
9 (RLIN) 71258
910 ## - DATOS DE OPCIÓN DEL USUARIO (OCLC)
Datos de opción del usuario Validado. Control de calidad MFF
Holdings
Estado de retiro Estado de pérdida Restricciones de uso No para préstamo Código de colección Localización permanente Ubicación/localización actual Ubicación en estantería Fecha de adquisición Número de inventario Total de préstamos Signatura topográfica completa Código de barras Fecha visto por última vez Número de copia Precio válido a partir de Tipo de ítem Koha
        Dominicana de Servicio General General Depósito 24.03.2014 LF1   070.44 P925f, 2012 43523-30 25.06.2020 e. 3 25.06.2020 Libro y Folleto Colección Dominicana de Servicio
      Excluido de préstamo Patrimonio Dominicano Patrimonio Dominicano Patrimonio Dominicano Depósito 24.03.2014 LF1   070.44 P925f, 2012 43523-10 25.06.2020   25.06.2020 Libro y Folleto Colección Patrimonio Dominicano
      Excluido de préstamo Patrimonio Dominicano Patrimonio Dominicano Patrimonio Dominicano Depósito 24.03.2014 LF1   070.44 P925f, 2012 43523-20 25.06.2020 e. 2 25.06.2020 Libro y Folleto Colección Patrimonio Dominicano

Powered by Koha